Statistiques concernant Pays les plus visités en Asie

Cliquez ici pour prendre le quiz!

Statistiques générales

  • Ce quiz a été pris 231 fois
    (227 depuis la dernière actualisation)
  • Le résultat moyen est 9 sur 11

Statistiques - réponses

Touristes (2016/2017)Pays% Correct
60.7 millionChine
99%
28.7 million .Japon
99%
15.5 millionInde
92%
35.4 millionThailand
91%
13.3 millionCoreé du Sud
87%
12.9 millionIndonesie
87%
26.0 millionMalaisie
77%
30.3 millionTurquie
72%
18.0 millionArabie Saoudite
71%
13.9 millionSingapour
68%
14.9 millionEmirats Arabes Unis
67%

Distribution des résultats

Percentile par nombre de réponses

% des personnes avec chaque résultat

Votre développement - résultats

Vous n’avez pas pris ce quiz depuis la dernière actualisation